Welcome to CU Library Online Public Access Catalogue (OPAC)

THINKING LIKE A CHRISTIAN; (Record no. 6110)

MARC details
000 -LEADER
fixed length control field 00433nam a22001457a 4500
005 - DATE AND TIME OF LATEST TRANSACTION
control field 20250531162818.0
008 - FIXED-LENGTH DATA ELEMENTS--GENERAL INFORMATION
fixed length control field 250531b |||||||| |||| 00| 0 eng d
020 ## - INTERNATIONAL STANDARD BOOK NUMBER
International Standard Book Number 9780805438956
050 ## - LIBRARY OF CONGRESS CALL NUMBER
Classification number BV4501
Item number .3 NOE
100 ## - MAIN ENTRY--PERSONAL NAME
Personal name NOEBEL DAVID
245 ## - TITLE STATEMENT
Title THINKING LIKE A CHRISTIAN;
Remainder of title UNDERSTANDING AND LIVING A BIBLICAL WORLDVIEW
260 ## - PUBLICATION, DISTRIBUTION, ETC.
Place of publication, distribution, etc. NASHVILLE
Name of publisher, distributor, etc. BROADMAN AND HOLMAN PUBLISHERS
Date of publication, distribution, etc. c2002
300 ## - PHYSICAL DESCRIPTION
Extent viii184p
942 ## - ADDED ENTRY ELEMENTS (KOHA)
Source of classification or shelving scheme Library of Congress Classification
Koha item type Books
Suppress in OPAC No
999 ## -
-- 6110
-- 6110
Holdings
Withdrawn status Lost status Source of classification or shelving scheme Damaged status Not for loan Collection Home library Current library Shelving location Date acquired Total checkouts Full call number Barcode Date last seen Copy number Price effective from Koha item type
    Library of Congress Classification     Non-fiction Undergraduate Library (Christ Temple) Undergraduate Library (Christ Temple) General stacks 05/31/2025   BV4501.3 ulct00002806 05/31/2025 1 05/31/2025 Books
© 2023-2024 Copyright: Central University Libraries. All Rights Reserved | Created by: Mahone Tech Office